| 000 | 00488nam a2200169Ia 4500 | ||
|---|---|---|---|
| 008 | 230917s9999||||xx |||||||||||||| ||und|| | ||
| 020 | _cRS 1995.00 | ||
| 040 |
_e5003125 _aMAIN |
||
| 041 | _aEnglish | ||
| 082 | _a631.4 M896C | ||
| 100 | _aMukherjee, Swapna | ||
| 245 | 0 | _aCurrent topics in soil science: An environmental approach | |
| 260 |
_aNew Delhi _bCapital Publishing _c2021 |
||
| 300 | _axxii, 266 p. | ||
| 500 | _a5040 18/01/2023 PBA23/463 19/01/2023 Main Budget | ||
| 942 | _cBK | ||
| 999 |
_c8664 _d8664 |
||